[Event "Mittelfranken-chTB2b 1920"]
[Site "Mittelfranken"]
[Date "2020.01.12"]
[Round "4.7"]
[White "Heidt, Eduard"]
[Black "Gagel, Roland"]
[Result "1-0"]
[WhiteElo "1687"]
[BlackElo "1704"]
[PlyCount "83"]
[EventDate "2019.10.13"]
[EventType "team-tourn"]
[EventRounds "9"]
[EventCountry "GER"]
[SourceTitle "EXT 2023"]
[Source "ChessBase"]
[SourceDate "2022.10.05"]
[SourceVersion "1"]
[SourceVersionDate "2022.10.05"]
[SourceQuality "1"]
[WhiteTeam "Nuernberg Anderssen"]
[BlackTeam "Forchheim II"]
[WhiteTeamCountry "GER"]
[BlackTeamCountry "GER"]

1. e4 c5 2. Nf3 d6 3. d4 cxd4 4. Nxd4 Nf6 5. Nc3 g6 6. Bc4 Bg7 7. Be3 Nc6 8. Qd2 h5 9. f3 Bd7 10. 0-0-0 Ne5 11. Bb3 a6 12. h3 b5 13. g4 h4 14. f4 Nc4 15. Qd3 Nxe3 16. Qxe3 b4 17. Nd5 a5 18. Nxf6+ exf6 19. Bd5 Rc8 20. Qb3 Qe7 21. Rhe1 0-0 22. Kb1 a4 23. Qxb4 Rb8 24. Qa3 Rb6 25. f5 g5 26. Qe3 Rfb8 27. b3 Qd8 28. Re2 Qc7 29. Rd3 Rc8 30. Qd2 Bf8 31. Ree3 Qb8 32. Rc3 Rc5 33. Red3 Be7 34. Nf3 Bb5 35. Re3 Be8 36. Rxc5 dxc5 37. Qc3 Qd8 38. Rd3 Qb8 39. e5 fxe5 40. Qxe5 Bd6 41. Qf6 Bf4 42. Bxf7+ 1-0

[Event "Nuremberg-ch op 04th"]
[Site "Nuremberg"]
[Date "2004.05.22"]
[Round "2"]
[White "Dreiseitel, Ursula"]
[Black "Heidt, Eduard"]
[Result "0-1"]
[WhiteElo "1361"]
[BlackElo "1669"]
[PlyCount "90"]
[EventDate "2004.05.21"]
[EventType "swiss"]
[EventRounds "5"]
[EventCountry "GER"]
[SourceTitle "EXT 2006"]
[Source "ChessBase"]
[SourceDate "2005.11.24"]
[SourceVersion "1"]
[SourceVersionDate "2005.11.24"]
[SourceQuality "1"]

1. e4 e5 2. Nf3 Nc6 3. Bc4 Bc5 4. c3 Nf6 5. d4 exd4 6. cxd4 Bb4+ 7. Bd2 Bxd2+ 8. Nbxd2 d5 9. Bd3 dxe4 10. Nxe4 0-0 11. 0-0 Bg4 12. Neg5 Nxd4 13. Qb1 Qd5 14. Bxh7+ Kh8 15. Be4 Nxf3+ 16. Bxf3 Qxg5 17. Bxb7 Rab8 18. Be4 Nxe4 19. Qxe4 Be6 20. b3 Bd5 21. f4 Bxe4 22. fxg5 f5 23. gxf6 Rxf6 24. Rfe1 Bd5 25. Re5 c6 26. Rae1 Rbf8 27. Re7 Rf2 28. R7e2 Rxe2 29. Rxe2 Kg8 30. h3 a5 31. Rc2 Rb8 32. Rc5 Rb5 33. Rc3 Rb4 34. Kf2 a4 35. g4 axb3 36. axb3 Rxb3 37. Rxb3 Bxb3 38. Ke3 Bd5 39. h4 Kf7 40. Kf4 c5 41. h5 c4 42. Kf5 c3 43. g5 c2 44. g6+ Kg8 45. h6 gxh6 0-1